Представление документа в формате MARC21

Поле Инд. ПП Название Значение
Тип записи a
Библиографический уровень m
001 Контрольный номер RU/IS/BASE/264546529
005 Дата корректировки 20250522120452.1
008 Кодируемые данные 19971202
040 00 e Правила каталог. Л 971202
084 a Индекс другой классификации/Индекс ББК 84(2=411.2)6-44
090 00 a Полочн. индекс 84(2=411.2)6-44
x Авторский знак Т 703
097 00 a 210
100 10 a Автор Троепольский Г. Н.
q Полное имя Троепольский Гавриил Николаевич
245 00 a Заглавие В камышах
b Продолж. заглавия повесть: рассказы
c Ответственность редактор И. Е. Толстой; художник П. Я. Караченцев
260 00 a Место издания Воронеж
b Издательство Центрально-Черноземное книжное издательство
c Дата издания 1966
300 00 a Объем 430 с.
336 a Термин вида содержания Текст
337 a Термин типа средства непосредственный
505 0_ a Форматированное содержание У Крутого яра
505 0_ a Форматированное содержание Митрич
505 0_ a Форматированное содержание Соседи
505 0_ a Форматированное содержание Никишка Болтушок
505 0_ a Форматированное содержание Гришка Хват
505 0_ a Форматированное содержание Игнат с балалайкой
505 0_ a Форматированное содержание Прохор семнадцатый, король жестянщиков
505 0_ a Форматированное содержание Прицепщик Терентий Петрович
505 0_ a Форматированное содержание Тугодум
505 0_ a Форматированное содержание Один день
505 0_ a Форматированное содержание Экзамен за здравый смысл
505 0_ a Форматированное содержание Г. Н. Троепольский. (Заметки о жизни и творчестве)
b Автор Толстой И. Е.
650 04 a Основная рубрика художественная литература
653 00 a Ключевые слова XX век
a Ключевые слова Россия
a Ключевые слова русская литература
655 00 a Жанр/ форма (устаревшее) проза
a Жанр/ форма (устаревшее) повесть
a Жанр/ форма (устаревшее) рассказ
700 12 a Автор Толстой И. Е.
e Роль лиц редактор
700 1_ a Автор Караченцев П. Я.
e Роль лиц художник
901 t Тип документа m
952 a Тип литературы для КСУ ВШ ЛХИ